Wpisz poprawną liczbę (quiz z wielu dziedzin) - Statystyki

Ogólne statystyki
  • Ten quiz został rozwiązany 20 razy
  • Średni wynik to 14 z 18
Statystyki odpowiedzi
Hint Odpowiedź % Poprawnych
Liczba ksiąg "Pana Tadeusza" 12
100%
Liczba premierów III RP 17
100%
Liczba bomb atomowych użytych w historii 2
100%
Tyle pucharów Polski zdobyła Legia Warszawa 21
100%
Tyle trwa kadencja prezydenta Kazachstanu 7
100%
Rok śmierci Stalina 1953
94%
Tyle lat żył najprawdopodobniej Jezus 33
94%
Wielu muzyków zmarło w tym wieku (m.in..Kurt Cobain, Jim Morrison, Jimi Hendrix) 27
88%
Liczba prezydentów USA 45
88%
Donald Trump jest prezydentem nr 47
88%
O tej godzinie zmarł Jan Paweł II 21:37
76%
Tyle lat rządził najdłużej panujący polski władca (Jagiełło) 48
76%
Lubcza ofiar Katastrofy Smoleńskiej 96
76%
Tyle lat żył najstarszy człowiek w historii 122
71%
Wysokość Mount Everest 8849
59%
Wzrost najwyższego człowieka w historii (cm) 272
35%
Wysokość szczytu Giewont 1894
12%
Tyle jest w Polsce powiatów 314
12%
Nie znaleziono quizów pasujących do podanych kryteriów
Rozkład punktacji
Procent ludzi z każdym wynikiem
Percentyl według liczby udzielonych odpowiedzi
Twoja historia wyników
Nie rozwiązałeś tego quizu